| 000 | 00541nam a2200181 a 4500 | ||
|---|---|---|---|
| 005 | 20140311163024.0 | ||
| 008 | 080110s19uu xx 00 eng d | ||
| 020 | _a1419515063 | ||
| 050 |
_aGT 3405 _b.Sa34 2006 |
||
| 100 | _aSaget, Allison | ||
| 245 |
_aThe event marketing handbook : _bbeyond logistics & planning / _c Allison Saget |
||
| 260 |
_aU.S.A : _bDearborn Trade Publishing, _c2006. |
||
| 300 |
_a300 p. : _bill. ; _c23 cm. |
||
| 521 | _aBSBA | ||
| 650 |
_aSpecial events _xMarketing. |
||
| 942 |
_cBK _2lcc _kFOR |
||
| 999 |
_c39512 _d39512 |
||